| 000 | 00723nam a2200253Ia 4500 | ||
|---|---|---|---|
| 003 | OSt | ||
| 005 | 20220926020933.0 | ||
| 006 | a|||||r|||| 00| 0 | ||
| 007 | ta | ||
| 008 | 220923b |||||||| |||| 00| 0 eng d | ||
| 037 | _cGeneral Book | ||
| 040 |
_aRTL _cRTL _beng |
||
| 041 |
_2eng _aeng |
||
| 082 | _aB2814, M9 | ||
| 100 |
_aWest Mike _9279231 |
||
| 245 | 0 | _aBayesian forecasting and dynamic models | |
| 260 |
_aNew York _bSpringer-Verlag _c1989 |
||
| 300 |
_axxi, 704P _ccm. |
||
| 490 | _aSpringer Series in Statistics | ||
| 500 | _aBibliography : P 677-90 | ||
| 700 |
_a Harrison Jeff _9325413 |
||
| 942 |
_hB2814, M9 _cGB _2CC |
||
| 999 |
_c635274 _d635274 |
||